All Harry Styles Songs - Statistics

General Stats
  • This quiz has been taken 74 times
  • The average score is 27 of 34
Answer Stats
Hint Answer % Correct
HS sign of the times
93%
fine line fine line
92%
HS Kiwi
92%
harrys house matilda
90%
harrys house little freak
87%
fine line watermelon sugar
87%
harrys house as it was
85%
HS meet me in the hallway
85%
fine line adore you
83%
harrys house boyfriends
83%
harrys house cinema
83%
HS ever since new york
83%
harrys house satellite
83%
harrys house daylight
82%
fine line golden
82%
harrys house keep driving
82%
HS carolina
80%
HS from the dining table
80%
fine line treat people with kindness
80%
HS woman
80%
fine line falling
78%
HS only angel
78%
HS sweet creature
78%
fine line cherry
77%
harrys house daydreaming
77%
harrys house grapejuice
77%
harrys house late night talking
77%
harrys house love of my life
77%
fine line she
77%
fine line sunflower
73%
fine line canyon moon
70%
fine line lights up
70%
fine line to be so lonely
70%
harrys house music for a sushi resturant
17%
No matching quizzes found
Score Distribution
Percent of People with Each Score
Percentile by Number Answered
Your Score History
You have not taken this quiz